000 00757nam a2200229 u 4500
001 000061454
005 20200120224033.0
008 140704s2013 ck r 000 0 spa d
020 _a9789586652704
041 0 _aDspa
090 _aAP
_bCARM
100 1 _aCarranza, María Mercedes
_g1945-2003.
245 1 0 _aMaría Mercedes Carranza :
_bPoesía completa.
250 _a1a. ed.
260 _aBogotá :
_bSiglo del hombre editores,
_c2013.
300 _a162 p.
_e22 cm.
500 _aEj.1 Biblioteca Marichuela donado por el Ministerio de Educación 2014
650 1 7 _aPoesía colombiana
_vColección
_2LEMB
650 1 7 _aLiteratura colombiana
_vColección
_2LEMB
650 1 7 _aAmor en la literatura
_vColección
_2LEMB
650 1 7 _aProsa
_vColección
_2LEMB
999 _c7802
_d7802